| 000 | 01548nac a22003011u 4500 | ||
|---|---|---|---|
| 090 | _c8847 | ||
| 008 | 081221t xxu||||| |||| 00| 0 eng d | ||
| 010 | _a 2002001076 | ||
| 020 | _a0745629946 (hbk. : alk. paper) | ||
| 020 | _a0745629954 (pbk. : alk. paper) | ||
| 082 | 0 | 0 |
_a323 _bPOG |
| 100 | _aPogge, Thomas Winfried. | ||
| 245 | 1 | 0 |
_aWorld poverty and human rights : _bcosmopolitan responsibilities and reforms / _cThomas W. Pogge. |
| 260 |
_aCambridge ; _aMalden, MA : _bPolity,2002 _c2002. |
||
| 300 |
_avii, 284 p. ; _c24 cm. |
||
| 500 | _adistributer: Baccah | ||
| 504 | _aIncludes bibliographical references (p. [256]-266) and index. | ||
| 505 | 0 | _aHuman flourishing and universal justice -- How should human rights be conceived? -- Loopholes in moralities -- Moral universalism and global economic justice -- The bounds of nationalism -- Achieving democracy -- Cosmopolitanism and sovereignty -- Eradicating systemic poverty : brief for a global resources dividend. | |
| 511 | _acatalogued by: wessam | ||
| 650 | 0 | _aHuman rights. | |
| 650 | 0 | _aSocial justice. | |
| 650 | 0 | _aCosmopolitanism. | |
| 650 | 0 |
_aPoverty _xMoral and ethical aspects. |
|
| 856 | 4 | 1 |
_3Table of contents _uhttp://www.loc.gov/catdir/toc/fy036/2002001076.html |
| 856 | 4 | 1 |
_3Contributor biographical information _uhttp://www.loc.gov/catdir/enhancements/fy0808/2002001076-b.html |
| 942 |
_cBB _k323POV _2ddc |
||
| 999 |
_c8847 _d8847 |
||